00566nam a2200205 a 4500001001300000003000900013005001700022008004100039020002300080082001500103100001800118245005900136260003300195300000900228500003500237505001000272650003300282650002700315700001800342nice12345678IN_TiNIC20260116013149.0050524s1990 newa grp 000 0 eng  a0883447 c58800a261.8bWAL aWalsh, John J aIntegral Justiceb Changing People Changing Structures aNew YorkbOrbis Books c1990 a112p aincludes index and biblioraphy2 aIndex aSocial-Problems-christianity aChurch-Social Services1 aWalsh, John J